Eko-efektívnosť Slovenska v rámci EÚ

Význam a meranie eko-efektívnosti. Meranie eko-efektívnosti metódou analýzy dátového obalu (DEA z anglického Data envelopment analysis). Usporiadanie údajov a základný model. Eko-efektívnosť krajín Európskej únie. Technická efektívnosť a eko-efektívnosť.

Gespeichert in:
Bibliographische Detailangaben
1. Verfasser: Nežinský, Eduard, 1972-
Format: Buchkapitel
Sprache:Slowakisch
Schlagworte:
Tags: Tag hinzufügen
Keine Tags, Fügen Sie das erste Tag hinzu!

MARC

LEADER 00000nla a2200000 4500
001 0164311
005 20240502072850.9
041 0 |a slo 
044 |a SK 
245 1 0 |a Eko-efektívnosť Slovenska v rámci EÚ  |c Eduard Nežinský 
520 |a Význam a meranie eko-efektívnosti. Meranie eko-efektívnosti metódou analýzy dátového obalu (DEA z anglického Data envelopment analysis). Usporiadanie údajov a základný model. Eko-efektívnosť krajín Európskej únie. Technická efektívnosť a eko-efektívnosť. 
610 2 0 |a efektívnosť 
610 2 0 |a ekológia 
610 2 0 |a meranie 
610 2 0 |a metodológia 
610 2 0 |a analýzy 
610 2 0 |a programovanie lineárne 
610 2 0 |a Európska únia 
610 2 0 |a Slovensko 
100 1 |a Nežinský, Eduard, 1972-